000 00405nam a2200133Ia 4500
008 100328s9999 xx 000 0 und d
082 _b30219
100 _aगाडगीळ नरहर विष्णु
245 _aस्मृतिशेष
260 _bकॉन्टिनेन्टल
630 _aस्मृतिशेष
730 _aस्मृतिशेष
942 _cBOOK
999 _c521194
_d521191